000 01056nas a2200373 4500
001 BR2011000037
003 BR-BrBNA
005 20231205114832.0
007 ta
008 230509b bl.|||p| |||| 00| 00por d
040 _aBR-BrBNA
_bpor
_cBiblioteca Nacional de Agricultura
041 _a(En)
072 _aH20
100 1 _aSantos, G.R. dos
100 1 _aCastro Neto, M.D. de
100 1 _aAlmeida, H.S.M. de
100 1 _aRamos, L.N.
100 1 _aSarmento, R.A.
100 1 _aLima, S. de O.
100 1 _aErasmo, E.A.L.
245 1 _aEffect of nitrogen doses on disease severity and watermelon yield
650 _aMELÂNCIA
650 _aCRESTAMENTO
650 _aBACTÉRIA
650 _aMÍLDIO
650 _aFUNGO
650 _aNUTRIÇÃO MINERAL
650 _aNITROGÊNIO
650 _aPRODUÇÃO VEGETAL
650 _aADUBAÇÃO
773 0 _tHorticultura Brasileira (Brazil)
_xISSN 0102-0536
_g(Jul-Sep 2009), v. 27(3) p. 330-334
_wBR2011000037
909 _a202311
_bLúcia
_c55
_dLúcia Elande
942 _2AGRIS
_n0
_cANA
999 _c210736
_d210736